000 00312nam a2200109Ia 4500
008 230907s9999||||xx |||||||||||||| ||und||
082 _a333.796517,THO
100 _aThollander, Patrik.
_9115091
245 0 _aImproving energy efficiency in industrial energy systems :
300 _axvi, 151 pages :
942 _cBK
999 _c597530
_d597530